LEADER 01118nam a2200265 i 4500 001 000000129202 003 CaOOAMICUS 005 20040917000000.0 008 040917s1978 it u000 u ita u 013 $a101935 040 $aSeMil$bita 100 1 $aHausherr, Irénée .$0(OLS)http://semarc/name/31073 240 10$aHésychasme et prière.$0(OLS)http://semarc/title/96088 245 10$aSolitudine e vita contemplativa :$bsecondo l'Esicasmo /$cIrénée Hausherr S. J. 260 $aBrescia :$bQueriniana,$c1978. 300 $a107 p. ;$c19 cm. 490 0 $aSpiritualità ;$v12 650 4$aPreghiera - Contemplazione.$0(OLS)http://semarc/subject/1696 650 4$aEsicasmo.$0(OLS)http://semarc/subject/15731 830 0$aSpiritualità ;$v12.$0(OLS)http://semarc/title/5897 850 $aSeMil 852 $aSeMil$W1$xVenegono$y1$m2C II 638$j83326$B83326$CSeMilBibl$Z2$F86436 $81 961 $aRecupero: Seminario di Seveso 996 $6245$aSolitudine e vita contemplativa :$bsecondo l'Esicasmo$9(OLS)http://semarc/title/190932 996 $6260$aBrescia :$bQueriniana$9(OLS)http://semarc/publisher/29615 LEADER 01250nam a2200253 i 4500 001 000000188195 003 CaOOAMICUS 005 20100406000000.0 008 100406s2005 it u000 u ita u 013 $a166350 020 $a88-10-11269-5 040 $aSeMil$bita 245 10$aTutte le genti verranno a te :$blettera alle comunità cristiane su migrazioni e pastorale d'insieme /$cConsiglio Episcopale Permanente della Conferenza Episcopale Italiana. 260 $aBologna :$bEDB,$ccopyr. 2005. 300 $a21 p. ;$c22 cm. 490 0 $aDocumenti: Chiese locali ;$v121 650 4$aMigrazioni - Documenti ecclesiali.$0(OLS)http://semarc/subject/18267 710 0 $aConferenza Episcopale Italiana : Consiglio Episcopale Permanente.$0(OLS)http://semarc/name/7201 830 0$aDocumenti: Chiese locali ;$v121.$0(OLS)http://semarc/title/25055 850 $aSeMil 852 $aSeMil$W1$xVenegono$y1$m1352 35 121 *$j138859$B138859$CSeMilBibl$Z2$F150441 $81 996 $6020$a88-10-11269-5$9(OLS)http://semarc/number/178701 996 $6245$aTutte le genti verranno a te :$blettera alle comunità cristiane su migrazioni e pastorale d'insieme$9(OLS)http://semarc/title/270776 996 $6260$aBologna :$bEDB$9(OLS)http://semarc/publisher/29669